[Event "Open Mediterranean 2017"]
[Site "Rijeka CRO"]
[Date "2009.12.03"]
[Round "7.21"]
[White "Skrbin, Kresimir"]
[Black "Bukal, Vladimir Jr"]
[Result "0-1"]
[WhiteElo "2215"]
[BlackElo "2387"]
[PlyCount "72"]
[EventDate "2009.11.28"]
[EventType "swiss"]
[EventRounds "9"]
[EventCountry "CRO"]
[Source "lmi"]
[SourceDate "2009.11.28"]

1. d4 g6 2. Nf3 Bg7 3. c4 d6 4. Nc3 c5 5. d5 Nf6 6. h3 O-O 7. e4 b5 8. cxb5 a6
9. bxa6 Qa5 10. Bd2 Bxa6 11. Bxa6 Nxa6 12. O-O Nb4 13. a3 Nd3 14. Qc2 Qa6 15.
Ne1 Ne5 16. f4 Nc4 17. Bc1 Rfb8 18. Ra2 Nd7 19. Nf3 Qb6 20. Re1 Qb3 21. Qxb3
Rxb3 22. Nd1 Bd4+ 23. Kf1 f5 24. Nd2 Nxd2+ 25. Bxd2 fxe4 26. Rxe4 Kf7 27. Bc3
Nf6 28. Re2 Nxd5 29. Bxd4 cxd4 30. a4 Nxf4 31. Rf2 e5 32. g3 Rxg3 33. b4 Rxh3
34. Rfd2 Rh1+ 35. Kf2 Rh2+ 36. Kf3 Rxd2 0-1

[Event "Open Mediterranean 2017"]
[Site "Rijeka CRO"]
[Date "2009.12.03"]
[Round "7.22"]
[White "Brumen, Dinko"]
[Black "Juranic, Bruno"]
[Result "0-1"]
[WhiteElo "2349"]
[BlackElo "2214"]
[PlyCount "58"]
[EventDate "2009.11.28"]
[EventType "swiss"]
[EventRounds "9"]
[EventCountry "CRO"]
[Source "lmi"]
[SourceDate "2009.11.28"]

1. d4 d5 2. c4 Nc6 3. Nc3 Nf6 4. cxd5 Nxd5 5. e4 Nxc3 6. bxc3 e5 7. d5 Nb8 8.
Nf3 Bd6 9. Bg5 f6 10. Be3 O-O 11. Be2 b6 12. O-O f5 13. exf5 Bxf5 14. Re1 Nd7
15. Bg5 Qe8 16. Nh4 Nc5 17. Nxf5 Rxf5 18. Bh4 h5 19. Bg3 Qf7 20. h4 Rf8 21. Bf3
e4 22. Bxe4 Nxe4 23. Rxe4 Bc5 24. c4 Bxf2+ 25. Bxf2 Rxf2 26. Qd4 Qg6 27. g4 Qf7
28. Qd3 Qf6 29. Qd4 Qf3 0-1

[Event "Open Mediterranean 2017"]
[Site "Rijeka CRO"]
[Date "2009.12.03"]
[Round "7.23"]
[White "Tjolsen, Katrine"]
[Black "Stojanovic, Andjelija"]
[Result "1/2-1/2"]
[WhiteElo "2194"]
[BlackElo "2329"]
[PlyCount "122"]
[EventDate "2009.11.28"]
[EventType "swiss"]
[EventRounds "9"]
[EventCountry "CRO"]
[Source "lmi"]
[SourceDate "2009.11.28"]

1. e4 c5 2. Nf3 Nc6 3. d4 cxd4 4. Nxd4 e5 5. Nb5 d6 6. N1c3 a6 7. Na3 b5 8. Nd5
Nf6 9. c4 Nxd5 10. Qxd5 Bd7 11. cxb5 Nd4 12. bxa6 Be7 13. Bd2 O-O 14. Bd3 Bc6
15. Qa5 Qd7 16. Nc4 Qg4 17. Ne3 Qg6 18. O-O Bxe4 19. Bxe4 Qxe4 20. Qd5 Qd3 21.
Rfd1 Qxa6 22. a4 Ne2+ 23. Kh1 Nf4 24. Qe4 Nd3 25. Rf1 Nxb2 26. f4 Qe2 27. Qc2
Nd3 28. Nd5 Bh4 29. f5 Bg5 30. f6 Qxd2 31. Qxd2 Bxd2 32. Rad1 Nf4 33. Rxd2 Nxd5
34. Rxd5 Rxa4 35. Rxd6 Re8 36. h3 gxf6 37. Rdxf6 Re7 38. Kg1 Kg7 39. R6f5 h6
40. R5f3 e4 41. Rg3+ Kh7 42. Rg4 Ra2 43. Rgf4 Kg7 44. Re1 Ra4 45. Ref1 Ra5 46.
Rg4+ Kh7 47. Rgf4 Kg6 48. Rf6+ Kg7 49. R6f4 Ra6 50. Re1 Rae6 51. Ref1 Re5 52.
Rg4+ Kh7 53. Rgf4 Kg6 54. Rf6+ Kg7 55. R6f4 h5 56. Kf2 Rg5 57. Re1 Rge5 58. Ke3
f6 59. Rd1 Rg5 60. g4 hxg4 61. hxg4 Rge5 1/2-1/2

[Event "Open Mediterranean 2017"]
[Site "Rijeka CRO"]
[Date "2009.12.03"]
[Round "7.24"]
[White "Klobucar, Dean"]
[Black "Plenca, Julijan"]
[Result "0-1"]
[WhiteElo "2174"]
[BlackElo "2317"]
[PlyCount "108"]
[EventDate "2009.11.28"]
[EventType "swiss"]
[EventRounds "9"]
[EventCountry "CRO"]
[Source "lmi"]
[SourceDate "2009.11.28"]

1. e4 e5 2. Nf3 Nc6 3. Bb5 a6 4. Ba4 Nf6 5. Qe2 b5 6. Bb3 Bc5 7. c3 O-O 8. O-O
Re8 9. d3 h6 10. Be3 Bf8 11. Nbd2 d5 12. Rfe1 Na5 13. Bxd5 Nxd5 14. exd5 Qxd5
15. d4 exd4 16. Nxd4 c5 17. Qf3 Qxf3 18. N4xf3 Bb7 19. Nb3 Nxb3 20. axb3 g5 21.
Rad1 Rad8 22. Rxd8 Rxd8 23. h3 f6 24. Ra1 Kf7 25. c4 b4 26. Kf1 Ke6 27. Ke2 f5
28. Ra5 Rc8 29. Ne1 f4 30. Bd2 Bg7 31. Nd3 Bd4 32. f3 Kd6 33. Kf1 Re8 34. h4
Kc6 35. Ra1 Bc8 36. Be1 Re3 37. Rd1 a5 38. Bf2 Re8 39. Bxd4 cxd4 40. Re1 Re3
41. Rxe3 dxe3 42. hxg5 hxg5 43. Ke2 Bf5 44. Ne5+ Kc5 45. g4 Bc2 46. Nd3+ Kd4
47. Nc1 a4 48. bxa4 Kxc4 49. b3+ Bxb3 50. a5 Ba4 51. a6 b3 52. Nd3 Kc3 53. Nc5
Bb5+ 54. Ke1 Bxa6 0-1

[Event "Open Mediterranean 2017"]
[Site "Rijeka CRO"]
[Date "2009.12.03"]
[Round "7.25"]
[White "Agaragimov, Djakhangir"]
[Black "Sikanjic, Bojan"]
[Result "1/2-1/2"]
[WhiteElo "2294"]
[BlackElo "2160"]
[PlyCount "32"]
[EventDate "2009.11.28"]
[EventType "swiss"]
[EventRounds "9"]
[EventCountry "CRO"]
[Source "lmi"]
[SourceDate "2009.11.28"]

1. d4 Nf6 2. c4 g6 3. Nc3 Bg7 4. e4 d6 5. Be2 O-O 6. Bg5 a6 7. Qd2 c5 8. d5 b5
9. cxb5 axb5 10. Bxb5 Qa5 11. a4 Ba6 12. Rb1 Qb4 13. f3 Bxb5 14. axb5 Nbd7 15.
Nge2 Ne5 16. O-O Nc4 1/2-1/2

[Event "Open Mediterranean 2017"]
[Site "Rijeka CRO"]
[Date "2009.12.03"]
[Round "7.26"]
[White "Medancic, Rikard"]
[Black "Antunovic, Ivo"]
[Result "1/2-1/2"]
[WhiteElo "2251"]
[BlackElo "2132"]
[PlyCount "82"]
[EventDate "2009.11.28"]
[EventType "swiss"]
[EventRounds "9"]
[EventCountry "CRO"]
[Source "lmi"]
[SourceDate "2009.11.28"]

1. d4 d6 2. c4 e5 3. Nf3 Nc6 4. Nc3 exd4 5. Nxd4 Nge7 6. g3 Nxd4 7. Qxd4 Nc6 8.
Qe4+ Qe7 9. Bg2 Qxe4 10. Bxe4 Be7 11. Nd5 Bd8 12. b3 O-O 13. Bb2 Ne7 14. Nf4
Rb8 15. O-O Bd7 16. Nh5 f6 17. Nf4 Bc6 18. Nd5 Nxd5 19. cxd5 Bd7 20. Bd4 Re8
21. f3 a6 22. Kf2 c5 23. dxc6 bxc6 24. Rfd1 d5 25. Bd3 a5 26. Rab1 Bb6 27. Bxb6
Rxb6 28. Rdc1 Reb8 29. Rc5 a4 30. Bc2 axb3 31. Rxb3 Rxb3 32. Bxb3 Kf8 33. Ra5
Ke7 34. Ke3 Kd6 35. Ra7 h5 36. Kd3 h4 37. e4 hxg3 38. hxg3 dxe4+ 39. Kxe4 Re8+
40. Kd3 Rb8 41. g4 g5 1/2-1/2

[Event "Open Mediterranean 2017"]
[Site "Rijeka CRO"]
[Date "2009.12.03"]
[Round "7.27"]
[White "Urukalovic, Roman"]
[Black "Krsnik Cohar, Ivan Vihor"]
[Result "1-0"]
[WhiteElo "2237"]
[BlackElo "1732"]
[PlyCount "79"]
[EventDate "2009.11.28"]
[EventType "swiss"]
[EventRounds "9"]
[EventCountry "CRO"]
[Source "lmi"]
[SourceDate "2009.11.28"]

1. e4 d5 2. exd5 Qxd5 3. Nf3 Nf6 4. d4 Bg4 5. Be2 e6 6. O-O Be7 7. c4 Qd8 8. h3
Bh5 9. Qb3 Qc8 10. Nc3 O-O 11. g4 Bg6 12. Ne5 Nbd7 13. Bf3 c6 14. Bg5 Bd6 15.
Rfe1 Qc7 16. Nxg6 hxg6 17. Ne2 Be7 18. Bh4 Rad8 19. Bg2 Nb6 20. Bg3 Qc8 21.
Rad1 Rd7 22. a4 Na8 23. Qc3 c5 24. dxc5 Bxc5 25. b4 Be7 26. c5 Rfd8 27. Rxd7
Rxd7 28. c6 bxc6 29. Qxc6 Qxc6 30. Bxc6 Rd8 31. b5 Nb6 32. a5 Nbd5 33. Rb1 Bd6
34. b6 axb6 35. a6 Bxg3 36. Nxg3 Nc7 37. Rxb6 Na8 38. Rb7 Ne8 39. a7 Kf8 40.
Rb8 1-0

[Event "Open Mediterranean 2017"]
[Site "Rijeka CRO"]
[Date "2009.12.03"]
[Round "7.28"]
[White "Nilsen, Joachim Birger"]
[Black "Franciskovic, Borka"]
[Result "1/2-1/2"]
[WhiteElo "2126"]
[BlackElo "2215"]
[PlyCount "50"]
[EventDate "2009.11.28"]
[EventType "swiss"]
[EventRounds "9"]
[EventCountry "CRO"]
[Source "lmi"]
[SourceDate "2009.11.28"]

1. d4 Nf6 2. c4 e6 3. Nc3 Bb4 4. Qc2 d5 5. cxd5 exd5 6. Bg5 h6 7. Bh4 c5 8.
dxc5 g5 9. Bg3 Ne4 10. e3 Qa5 11. Nge2 Bf5 12. Be5 O-O 13. Nd4 Nc6 14. Nxc6
bxc6 15. Bd3 Rfe8 16. Bd4 Nxc3 17. Bxf5 Nb5+ 18. Kf1 Nxd4 19. exd4 Qxa2 20. Rd1
Qa6+ 21. Bd3 Qc8 22. Bf5 Qa6+ 23. Bd3 Qc8 24. Bf5 Qd8 25. g3 Qf6 1/2-1/2

[Event "Open Mediterranean 2017"]
[Site "Rijeka CRO"]
[Date "2009.12.03"]
[Round "7.29"]
[White "Ciganovic, Nikola"]
[Black "Steinhart, Christoph"]
[Result "1-0"]
[WhiteElo "2276"]
[BlackElo "2045"]
[PlyCount "73"]
[EventDate "2009.11.28"]
[EventType "swiss"]
[EventRounds "9"]
[EventCountry "CRO"]
[Source "lmi"]
[SourceDate "2009.11.28"]

1. e4 e6 2. d3 d5 3. Nd2 Nf6 4. g3 dxe4 5. dxe4 e5 6. Bg2 Bc5 7. Ngf3 Nc6 8.
O-O O-O 9. Qe2 Bg4 10. c3 Qe7 11. Nc4 Rfd8 12. h3 Bh5 13. b4 Bxb4 14. cxb4 Nxb4
15. Qe3 Bxf3 16. Bxf3 Nc2 17. Qc3 Nxa1 18. Qxa1 Qb4 19. Nxe5 Nxe4 20. a3 Qa4
21. Re1 Nc5 22. Qb2 Rf8 23. Bd5 Rad8 24. Nxf7 Rxf7 25. Bxf7+ Kh8 26. Bg5 Rd1
27. Qe2 Rxe1+ 28. Qxe1 Ne4 29. Bf4 c5 30. Bd5 Nf6 31. Bxb7 c4 32. Qb4 Qd7 33.
Qf8+ Ng8 34. Ba6 Qd1+ 35. Kh2 Qf3 36. Bd6 Qd5 37. Be5 1-0

[Event "Open Mediterranean 2017"]
[Site "Rijeka CRO"]
[Date "2009.12.03"]
[Round "7.30"]
[White "Krkljes, Slaven"]
[Black "Gradiser, Dragoljub"]
[Result "1-0"]
[WhiteElo "2187"]
[BlackElo "1964"]
[PlyCount "73"]
[EventDate "2009.11.28"]
[EventType "swiss"]
[EventRounds "9"]
[EventCountry "CRO"]
[Source "lmi"]
[SourceDate "2009.11.28"]

1. e4 c5 2. Nf3 Nc6 3. Bb5 d6 4. Bxc6+ bxc6 5. d3 e5 6. O-O Bg4 7. Nbd2 Ne7 8.
c3 Ng6 9. Qa4 Qc8 10. d4 cxd4 11. cxd4 Be7 12. dxe5 dxe5 13. h3 Be6 14. Nc4 f6
15. Kh2 O-O 16. Be3 Rb8 17. a3 Qc7 18. Nfd2 f5 19. f3 f4 20. Bf2 Nh4 21. Qxa7
Rb7 22. Qa5 Qxa5 23. Nxa5 Rxb2 24. Ndc4 Re2 25. Nxc6 Bf6 26. Nb6 Rb2 27. a4
Nxf3+ 28. gxf3 Bh4 29. Rab1 Rxf2+ 30. Rxf2 Bxf2 31. a5 Rf6 32. a6 Bg3+ 33. Kg1
Bxh3 34. a7 Bh4 35. a8=Q+ Rf8 36. Qxf8+ Kxf8 37. Nxe5 1-0

[Event "Open Mediterranean 2017"]
[Site "Rijeka CRO"]
[Date "2009.12.03"]
[Round "7.31"]
[White "Staberhofer, Rainer"]
[Black "Haug, Marianne Wold"]
[Result "1-0"]
[WhiteElo "2170"]
[BlackElo "2005"]
[PlyCount "101"]
[EventDate "2009.11.28"]
[EventType "swiss"]
[EventRounds "9"]
[EventCountry "CRO"]
[Source "lmi"]
[SourceDate "2009.11.28"]

1. d4 Nf6 2. Nf3 g6 3. Bf4 Bg7 4. c3 O-O 5. Nbd2 d6 6. e4 c5 7. Be2 Nbd7 8. O-O
Rb8 9. h3 b5 10. Bh2 b4 11. e5 Ne8 12. Qb3 bxc3 13. Qxc3 cxd4 14. Qxd4 dxe5 15.
Bxe5 Bxe5 16. Nxe5 Qb6 17. Qxb6 Rxb6 18. Nxd7 Bxd7 19. b3 Nd6 20. Rac1 Rc8 21.
Rxc8+ Bxc8 22. Rc1 Kg7 23. Rc7 Rb7 24. Rc5 Bf5 25. Bf3 Rd7 26. b4 Nb7 27. Bxb7
Rxb7 28. a3 Rd7 29. Nc4 Be6 30. Ne5 Rd5 31. Nc6 Rxc5 32. bxc5 Kf6 33. Nxa7 Ke5
34. Nc6+ Kd5 35. Nd8 Bf5 36. Nxf7 Kxc5 37. Kh2 Kb5 38. Kg3 Ka4 39. Kf4 Be6 40.
Ne5 Kxa3 41. Kg5 Kb4 42. Kh6 Kc5 43. Kxh7 g5 44. Kg6 Kd6 45. Ng4 Bd5 46. f3 e5
47. Ne3 Bc6 48. Kxg5 e4 49. f4 Kc5 50. f5 Kd4 51. Kf4 1-0

[Event "Open Mediterranean 2017"]
[Site "Rijeka CRO"]
[Date "2009.12.03"]
[Round "7.32"]
[White "Nastic, Milorad"]
[Black "Valenti, Giuseppe"]
[Result "1-0"]
[WhiteElo "2012"]
[BlackElo "2141"]
[PlyCount "83"]
[EventDate "2009.11.28"]
[EventType "swiss"]
[EventRounds "9"]
[EventCountry "CRO"]
[Source "lmi"]
[SourceDate "2009.11.28"]

1. e4 b6 2. b3 Bb7 3. Nc3 e6 4. e5 d6 5. Nf3 Nd7 6. exd6 cxd6 7. Nb5 a6 8. Nbd4
Ngf6 9. Bb2 Be7 10. g3 O-O 11. Bg2 Re8 12. O-O Qc7 13. c4 g6 14. Re1 Bf8 15.
Rc1 Bg7 16. Nc2 Rac8 17. d4 Qb8 18. Ne3 Qa8 19. Nd2 b5 20. Qe2 Bxg2 21. Nxg2
Bh6 22. Rc2 e5 23. d5 bxc4 24. Nxc4 Bf8 25. Rd2 a5 26. Nge3 a4 27. b4 Rc7 28.
Red1 Rec8 29. Na5 a3 30. Bxa3 Ne4 31. Nec4 Nxd2 32. Rxd2 Nf6 33. Nb6 Qb8 34.
Nxc8 Qxc8 35. b5 Rc3 36. Bb4 Rc1+ 37. Kg2 Rb1 38. Nc6 h5 39. Qd3 Rc1 40. Ba3
Re1 41. b6 h4 42. h3 1-0

[Event "Open Mediterranean 2017"]
[Site "Rijeka CRO"]
[Date "2009.12.03"]
[Round "7.33"]
[White "Kukina, Mario"]
[Black "Thingstad, Even"]
[Result "0-1"]
[WhiteElo "1949"]
[BlackElo "2139"]
[PlyCount "92"]
[EventDate "2009.11.28"]
[EventType "swiss"]
[EventRounds "9"]
[EventCountry "CRO"]
[Source "lmi"]
[SourceDate "2009.11.28"]

1. d4 Nf6 2. c4 e6 3. Nf3 b6 4. a3 Ba6 5. e3 d5 6. Ne5 Be7 7. Be2 c6 8. cxd5
Bxe2 9. Qxe2 cxd5 10. Qb5+ Nfd7 11. Bd2 a6 12. Qe2 Nxe5 13. dxe5 O-O 14. O-O b5
15. Bc3 Nc6 16. Nd2 Qb6 17. b4 a5 18. bxa5 Nxa5 19. Rab1 Rfb8 20. a4 b4 21.
Rfc1 Nc6 22. a5 Rxa5 23. Bb2 Rb5 24. Nb3 Na5 25. Bd4 Qb7 26. Nxa5 Rxa5 27. Qc2
b3 28. Qc3 Ra2 29. Rb2 Ra4 30. Rcb1 Rc4 31. Qd3 Ba3 32. Rd2 Rc1+ 33. Rd1 Rc2
34. h3 Qb4 35. f4 Qc4 36. Qf1 Rc8 37. Qf3 b2 38. e4 Rc1 39. Bxb2 Rxb1 40. Rxb1
Bxb2 41. exd5 Bd4+ 42. Kh1 Qxd5 43. Qg4 h6 44. Rd1 Qe4 45. Rf1 Qe3 46. f5 Rc1
0-1

[Event "Open Mediterranean 2017"]
[Site "Rijeka CRO"]
[Date "2009.12.03"]
[Round "7.34"]
[White "Lakovic, Igor"]
[Black "Levar, Nenad"]
[Result "0-1"]
[WhiteElo "1940"]
[BlackElo "2138"]
[PlyCount "86"]
[EventDate "2009.11.28"]
[EventType "swiss"]
[EventRounds "9"]
[EventCountry "CRO"]
[Source "lmi"]
[SourceDate "2009.11.28"]

1. c4 Nf6 2. g3 g6 3. Bg2 Bg7 4. Nc3 O-O 5. d4 d6 6. e3 c6 7. Nge2 e6 8. b3 d5
9. O-O Nbd7 10. Bb2 b6 11. Qd2 Ba6 12. cxd5 cxd5 13. Rfd1 Qe7 14. a4 Rfc8 15.
Ba3 Qe8 16. Rac1 Bf8 17. Bxf8 Qxf8 18. Qb2 Qb4 19. Na2 Qd6 20. Nac3 h5 21. Nf4
Rc6 22. e4 dxe4 23. Nxe4 Rxc1 24. Rxc1 Nxe4 25. Bxe4 Rd8 26. d5 Nc5 27. Bxg6
fxg6 28. Nxg6 Kh7 29. Qf6 exd5 30. Qf7+ Kh6 31. Ne7 Bd3 32. b4 Qe6 33. Qf4+ Kh7
34. Qg5 Nb3 35. Qxh5+ Kg7 36. Qg5+ Kf7 37. Nc6 Re8 38. Qh5+ Bg6 39. Qf3+ Qf6
40. Qxb3 Be4 41. b5 Qh6 42. Qe3 Qxh2+ 43. Kf1 Bd3+ 0-1

[Event "Open Mediterranean 2017"]
[Site "Rijeka CRO"]
[Date "2009.12.03"]
[Round "7.35"]
[White "Orenda, Omar"]
[Black "Mikalsen, Erlend"]
[Result "0-1"]
[WhiteElo "2132"]
[BlackElo "1936"]
[PlyCount "72"]
[EventDate "2009.11.28"]
[EventType "swiss"]
[EventRounds "9"]
[EventCountry "CRO"]
[Source "lmi"]
[SourceDate "2009.11.28"]

1. Nf3 Nf6 2. c4 c6 3. d4 d5 4. Nc3 dxc4 5. e3 b5 6. a4 b4 7. Nb1 e6 8. Bxc4
Nbd7 9. O-O Be7 10. Re1 O-O 11. Nbd2 a5 12. b3 Bb7 13. Bb2 Qc7 14. Qe2 Nd5 15.
Rac1 Rac8 16. e4 Nf4 17. Qe3 Qb8 18. Ne5 Nxe5 19. dxe5 Ng6 20. Qg3 Rfd8 21. Nf3
c5 22. h4 Qa8 23. h5 Nf8 24. Qf4 Rd7 25. Rc2 Rcd8 26. Bc1 Rd1 27. Rce2 Ba6 28.
Nd2 Bxc4 29. Nxc4 h6 30. Nd6 R8xd6 31. exd6 Bg5 32. Rxd1 Bxf4 33. Bxf4 Nd7 34.
e5 Qc6 35. g3 Qf3 36. Kf1 Qh1# 0-1

[Event "Open Mediterranean 2017"]
[Site "Rijeka CRO"]
[Date "2009.12.03"]
[Round "7.36"]
[White "Thingstad, Anders"]
[Black "Pejic, Irving"]
[Result "0-1"]
[WhiteElo "1914"]
[BlackElo "2132"]
[PlyCount "69"]
[EventDate "2009.11.28"]
[EventType "swiss"]
[EventRounds "9"]
[EventCountry "CRO"]
[Source "lmi"]
[SourceDate "2009.11.28"]

1. d4 d5 2. c4 c6 3. Nf3 e6 4. Nc3 dxc4 5. a4 Bb4 6. e3 b5 7. Bd2 Bb7 8. axb5
Bxc3 9. Bxc3 cxb5 10. b3 a5 11. bxc4 b4 12. Bb2 Nf6 13. Bd3 O-O 14. O-O Nbd7
15. Nd2 Qc7 16. f4 a4 17. Rb1 Rfd8 18. Qe2 Qd6 19. e4 Qe7 20. c5 Ne8 21. Ba3
Nxc5 22. Rxb4 Nxd3 23. Qxd3 Ba6 24. Nc4 Qa7 25. Kh1 Nd6 26. Rd1 Bxc4 27. Rxc4
Nxc4 28. Qxc4 Rac8 29. Qb4 Rb8 30. Qc4 Qa5 31. Qc5 Qxc5 32. Bxc5 Rb3 33. d5
exd5 34. exd5 Rb5 35. Ba3 0-1

[Event "Open Mediterranean 2017"]
[Site "Rijeka CRO"]
[Date "2009.12.03"]
[Round "7.37"]
[White "Broekman, Willem"]
[Black "Dubrovic, Mihovil"]
[Result "0-1"]
[WhiteElo "2129"]
[BlackElo "1811"]
[PlyCount "112"]
[EventDate "2009.11.28"]
[EventType "swiss"]
[EventRounds "9"]
[EventCountry "CRO"]
[Source "lmi"]
[SourceDate "2009.11.28"]

1. d4 Nf6 2. c4 e6 3. Nc3 Bb4 4. Qc2 c5 5. dxc5 O-O 6. a3 Bxc5 7. Nf3 Be7 8.
Bf4 Nh5 9. Bd2 b6 10. e4 d6 11. Rd1 Ba6 12. Bd3 h6 13. e5 f5 14. O-O Qc7 15.
Nd4 Qc8 16. Be2 dxe5 17. Nxe6 Qxe6 18. Bxh5 Bxc4 19. Bf3 e4 20. Nxe4 fxe4 21.
Bxe4 Bxf1 22. Bxa8 Bc4 23. Re1 Qf7 24. Bf3 Bf6 25. Bb4 Rd8 26. Rd1 Rxd1+ 27.
Qxd1 Na6 28. Bd6 Kh8 29. b4 Nc7 30. h3 Ne8 31. Bg3 Qe7 32. Bc6 Bf7 33. Ba4 Kg8
34. Kh1 Kh8 35. Bc2 Bg8 36. Bg6 Bh7 37. Bh5 Nc7 38. Qf3 Ne6 39. Qc6 g6 40. Bd6
Qg7 41. Bg4 Bg8 42. Qc8 Ng5 43. Bf8 Qh7 44. f4 Ne4 45. Kh2 Bg7 46. Be7 Be5 47.
Be6 Bxf4+ 48. Kg1 Bg5 49. Bxg5 Nxg5 50. Bc4 Qg7 51. Bxg8 Qxg8 52. Qc6 Qg7 53.
Qe8+ Kh7 54. h4 Nf7 55. Qe1 Qe5 56. Qf2 Kg7 0-1

[Event "Open Mediterranean 2017"]
[Site "Rijeka CRO"]
[Date "2009.12.03"]
[Round "7.38"]
[White "Berke, Ana"]
[Black "Dubrovic, Gabriel"]
[Result "0-1"]
[WhiteElo "2123"]
[BlackElo "1627"]
[PlyCount "118"]
[EventDate "2009.11.28"]
[EventType "swiss"]
[EventRounds "9"]
[EventCountry "CRO"]
[Source "lmi"]
[SourceDate "2009.11.28"]

1. e4 c5 2. Nf3 Nc6 3. Bb5 Nd4 4. Nxd4 cxd4 5. O-O a6 6. Bc4 e5 7. c3 Bc5 8.
cxd4 Bxd4 9. Nc3 Nf6 10. d3 b5 11. Bb3 Bb7 12. Bg5 h6 13. Bh4 g5 14. Bg3 d6 15.
Qe2 h5 16. h4 Ng4 17. Qf3 Rf8 18. Rac1 gxh4 19. Bh2 Qf6 20. Nd5 Bxd5 21. Bxd5
Qxf3 22. gxf3 Nxh2 23. Kxh2 Ra7 24. Rc2 Bc5 25. Rg1 Ke7 26. Rg5 Rh8 27. Rf5 f6
28. f4 Rc7 29. fxe5 dxe5 30. f3 Bb6 31. Rg2 Rh6 32. Kh3 Be3 33. Kxh4 Rc1 34.
Kh3 Rh1+ 35. Rh2 Rg1 36. Rc2 Rh1+ 37. Kg2 Rg1+ 38. Kh2 Rhg6 39. d4 Bf4+ 40.
Rxf4 exf4 41. e5 fxe5 42. dxe5 Rd1 43. Be4 Rg5 44. Rc7+ Kd8 45. Rf7 Rd2+ 46.
Kh1 Rxe5 47. Rxf4 Rc5 48. Rf8+ Ke7 49. Rg8 Rc1+ 50. Rg1 Rxg1+ 51. Kxg1 Rxb2 52.
Bd5 Kd6 53. Bb3 h4 54. f4 a5 55. f5 Ke7 56. Bd5 Kf6 57. Be6 h3 58. Kh1 Rf2 59.
Kg1 Rxf5 0-1

[Event "Open Mediterranean 2017"]
[Site "Rijeka CRO"]
[Date "2009.12.03"]
[Round "7.41"]
[White "Monjac, Mislav"]
[Black "Brenc, Tomislav"]
[Result "0-1"]
[WhiteElo "1856"]
[BlackElo "2075"]
[PlyCount "60"]
[EventDate "2009.11.28"]
[EventType "swiss"]
[EventRounds "9"]
[EventCountry "CRO"]
[Source "lmi"]
[SourceDate "2009.11.28"]

1. e4 c5 2. Nf3 a6 3. c4 e6 4. d4 cxd4 5. Nxd4 Qc7 6. Nc3 Nf6 7. Be2 Nc6 8. O-O
Bb4 9. f3 Nxd4 10. Bd3 Bc5 11. Kh1 O-O 12. f4 d6 13. a3 b5 14. cxb5 axb5 15. b4
Bb6 16. Bb2 e5 17. Rc1 Qe7 18. f5 Bb7 19. g4 h6 20. h4 Nxe4 21. Bxe4 Qxh4+ 22.
Kg2 d5 23. Rh1 Qg5 24. Nxd5 Bxd5 25. Bxd5 Nxf5 26. Qf3 Ne3+ 27. Kh3 Nxd5 28.
Qxd5 Qe3+ 29. Kh2 Rad8 30. Qxe5 Rd2# 0-1

[Event "Open Mediterranean 2017"]
[Site "Rijeka CRO"]
[Date "2009.12.03"]
[Round "7.42"]
[White "Kolanovic, Kazimir"]
[Black "Peric, Davor"]
[Result "0-1"]
[WhiteElo "1673"]
[BlackElo "1940"]
[PlyCount "130"]
[EventDate "2009.11.28"]
[EventType "swiss"]
[EventRounds "9"]
[EventCountry "CRO"]
[Source "lmi"]
[SourceDate "2009.11.28"]

1. d4 f5 2. Nf3 Nf6 3. g3 e6 4. Bg2 Be7 5. O-O O-O 6. c4 d6 7. Nc3 Qe8 8. Re1
Ne4 9. Qc2 Qg6 10. e3 Nxc3 11. bxc3 Nc6 12. Nd2 e5 13. Bxc6 bxc6 14. Nb3 a5 15.
Ba3 Bf6 16. c5 d5 17. dxe5 Bxe5 18. Nd4 Qh5 19. Qe2 Qh6 20. Qd2 Ba6 21. Nf3 Bf6
22. Nd4 Bxd4 23. cxd4 Bb5 24. Qd1 g5 25. Bc1 Qg6 26. Qc2 a4 27. a3 Rfe8 28. Bd2
Re6 29. Qd1 Rae8 30. Qf3 R8e7 31. Rac1 Rg7 32. Rc3 h5 33. Qg2 Qe8 34. Rcc1 Rh6
35. f4 g4 36. h4 gxh3 37. Qxh3 Rhg6 38. Kh2 Rxg3 39. Qxg3 Rxg3 40. Kxg3 Qe4 41.
Rc3 Kh7 42. Kf2 Qe7 43. Rg1 Qh4+ 44. Rg3 Be2 45. Rc1 Bg4 46. Kg2 Qe7 47. Kh2
Qe4 48. Rg2 Kh6 49. Re1 h4 50. Reg1 Qd3 51. Ra1 Kg6 52. Rf2 Kf7 53. Rg2 Ke7 54.
Rf2 Kd7 55. Rg2 Kc8 56. Ra2 Qe4 57. Rf2 Qb1 58. Bb4 Qc1 59. Bd2 Qd1 60. Bb4 Kb7
61. Rab2 Ka6 62. Rbc2 Qd3 63. Rc3 Qe4 64. Rf1 Qe8 65. Rc2 Qxe3 0-1

[Event "Open Mediterranean 2017"]
[Site "Rijeka CRO"]
[Date "2009.12.03"]
[Round "7.43"]
[White "Stefan, Mario"]
[Black "Heifez, Eugen"]
[Result "0-1"]
[WhiteElo "1996"]
[BlackElo "2245"]
[PlyCount "60"]
[EventDate "2009.11.28"]
[EventType "swiss"]
[EventRounds "9"]
[EventCountry "CRO"]
[Source "lmi"]
[SourceDate "2009.11.28"]

1. e4 e5 2. Nf3 d6 3. d4 Qe7 4. dxe5 dxe5 5. Nc3 c6 6. h3 Nf6 7. Bg5 h6 8. Bh4
Qe6 9. g4 Nbd7 10. Qd3 Bb4 11. O-O-O b5 12. a3 Bc5 13. g5 Nh5 14. Bg3 Nxg3 15.
fxg3 a5 16. h4 b4 17. Bh3 Qe7 18. Na4 Ba7 19. Bxd7+ Bxd7 20. Nxe5 Rd8 21. Nxd7
Rxd7 22. Qf3 bxa3 23. b3 Rxd1+ 24. Rxd1 Qe5 25. g6 fxg6 26. Rf1 a2 27. Qf7+ Kd8
28. Rd1+ Bd4 29. Rd3 a1=Q+ 30. Kd2 Qf6 0-1

[Event "Open Mediterranean 2017"]
[Site "Rijeka CRO"]
[Date "2009.12.03"]
[Round "7.44"]
[White "Franciskovic, Vinko"]
[Black "Baljak, Jadranko"]
[Result "1-0"]
[WhiteElo "2108"]
[BlackElo "1960"]
[PlyCount "63"]
[EventDate "2009.11.28"]
[EventType "swiss"]
[EventRounds "9"]
[EventCountry "CRO"]
[Source "lmi"]
[SourceDate "2009.11.28"]

1. e4 c5 2. Nf3 d6 3. d4 cxd4 4. Nxd4 Nf6 5. Nc3 a6 6. Bc4 e5 7. Nde2 Be6 8.
Bd5 Bxd5 9. exd5 Be7 10. O-O O-O 11. Ng3 Nbd7 12. Nf5 g6 13. Nxe7+ Qxe7 14. Bg5
Kg7 15. f4 h6 16. Bh4 exf4 17. Re1 Ne5 18. Bxf6+ Qxf6 19. Ne4 Qe7 20. Qd4 f5
21. Nxd6 Qxd6 22. Rxe5 Qf6 23. Qxf4 Qb6+ 24. Kh1 Qxb2 25. Rae1 Rf7 26. Qc4 Qb5
27. Qd4 Kh7 28. d6 Qc6 29. Re7 Raf8 30. Qf6 Qc4 31. d7 Rxe7 32. Rxe7+ 1-0